[Event "San Francisco TNM Summer op"]
[Site "San Francisco"]
[Date "2014.07.15"]
[Round "8"]
[White "Cohee, James"]
[Black "Mesut, Timur"]
[Result "0-1"]
[WhiteElo "1638"]
[BlackElo "1753"]
[PlyCount "24"]
[EventDate "2014.05.27"]
[EventType "swiss"]
[EventRounds "8"]
[EventCountry "USA"]
[SourceTitle "EXT 2016"]
[Source "ChessBase"]
[SourceDate "2015.10.08"]
[SourceVersion "1"]
[SourceVersionDate "2015.10.08"]
[SourceQuality "1"]

1. d4 d5 2. c4 Bf5 3. Nc3 Nf6 4. cxd5 Nxd5 5. e3 e6 6. a3 Be7 7. Bd3 Bg6 8. Nf3 c5 9. dxc5 Nxc3 10. bxc3 Qxd3 11. Qxd3 Bxd3 12. Ne5 Bf5 0-1

[Event "San Francisco TNM Summer op"]
[Site "San Francisco"]
[Date "2014.07.08"]
[Round "7"]
[White "Mesut, Timur"]
[Black "Klinetobe, David"]
[Result "0-1"]
[WhiteElo "1753"]
[BlackElo "2017"]
[PlyCount "54"]
[EventDate "2014.05.27"]
[EventType "swiss"]
[EventRounds "8"]
[EventCountry "USA"]
[SourceTitle "EXT 2016"]
[Source "ChessBase"]
[SourceDate "2015.10.08"]
[SourceVersion "1"]
[SourceVersionDate "2015.10.08"]
[SourceQuality "1"]

1. d4 Nf6 2. Bf4 d5 3. e3 c5 4. c3 Qb6 5. Qb3 c4 6. Qxb6 axb6 7. Na3 Nc6 8. Be2 Bf5 9. Bc7 Ra6 10. Nf3 Kd7 11. Bg3 Ra5 12. Nh4 Bg6 13. Nxg6 hxg6 14. h3 Ne4 15. Bh2 Nxc3 16. Nxc4 dxc4 17. bxc3 b5 18. 0-0 e6 19. Rfb1 Bd6 20. Rb2 Rha8 21. Bg4 Ba3 22. Rd2 f5 23. Bf3 b4 24. d5 exd5 25. Bxd5 bxc3 26. Bxc6+ Kxc6 27. Rd6+ Bxd6 0-1